| 000 | 01317nam a22003614a 4500 | ||
|---|---|---|---|
| 001 | ebr10427095 | ||
| 003 | CaPaEBR | ||
| 006 | m u | ||
| 007 | cr cn||||||||| | ||
| 008 | 091201s2009 enk sb 001 0 eng | ||
| 010 | _z 2009504071 | ||
| 015 |
_aGBA967233 _2bnb |
||
| 016 | 7 |
_z015307624 _2Uk |
|
| 020 | _z9780567034236 (hbk.) | ||
| 020 | _z0567034232 (hbk.) | ||
| 020 | _z9780567034243 (pbk.) | ||
| 020 | _z0567034240 (pbk.) | ||
| 040 |
_aCaPaEBR _cCaPaEBR |
||
| 035 | _a(OCoLC)676697076 | ||
| 050 | 1 | 4 |
_aBS476 _b.P26 2009eb |
| 082 | 0 | 4 |
_a220.601 _222 |
| 100 | 1 |
_aPaddison, Angus, _d1979- |
|
| 245 | 1 | 0 |
_aScripture _h[electronic resource] : _ba very theological proposal / _cAngus Paddison. |
| 260 |
_aLondon ; _aNew York : _bT & T Clark, _c2009. |
||
| 300 | _a170 p. | ||
| 504 | _aIncludes bibliographical references and index. | ||
| 533 |
_aElectronic reproduction. _bPalo Alto, Calif. : _cebrary, _d2013. _nAvailable via World Wide Web. _nAccess may be limited to ebrary affiliated libraries. |
||
| 600 | 0 | 0 |
_aJesus Christ _xHistory of doctrines. |
| 630 | 0 | 0 |
_aBible _xHermeneutics. |
| 655 | 7 |
_aElectronic books. _2local |
|
| 710 | 2 | _aebrary, Inc. | |
| 856 | 4 | 0 |
_uhttp://site.ebrary.com/lib/rucke/Doc?id=10427095 _zAn electronic book accessible through the World Wide Web; click to view |
| 999 |
_c144095 _d144095 |
||